| 000 | 01041cam a2200373 4500 | ||
|---|---|---|---|
| 001 | ABS65234 | ||
| 008 | 020409n2002 000 0 eng u | ||
| 035 | _a(Sirsi) u117403 | ||
| 245 | _aBerkshire | ||
| 260 | _c2002 | ||
| 490 |
_aProperty Week _v67(9) 8 March 2002, 49-82(17) |
||
| 590 | _aABS | ||
| 650 | _aBERKSHIRE | ||
| 650 | _aBRACKNELL | ||
| 650 | _aMAIDENHEAD | ||
| 650 | _aSLOUGH | ||
| 650 | _aWINDSOR | ||
| 650 | _aNEWBURY | ||
| 650 | _aREADING | ||
| 650 | _aPROPERTY-COMMERCIAL PROPERTY-OFFICE PROPERTY-OFFICE PROPERTY MARKET | ||
| 650 | _aINDUSTRIAL MARKET | ||
| 650 | _aPROPERTY-COMMERCIAL PROPERTY-RETAIL PROPERTY-RETAIL PROPERTY MARKET | ||
| 650 | _aURBAN REGENERATION | ||
| 650 | _aTOWN CENTRE | ||
| 650 | _aMOBILE PHONES INDUSTRY | ||
| 650 | _aPUBLIC TRANSPORT | ||
| 650 | _aPRIVATE VEHICLES | ||
| 650 | _aCORPORATE OCCUPIERS | ||
| 650 | _aPROPERTY MARKET CONDITIONS | ||
| 650 | _aLABOUR MARKET CONDITIONS | ||
| 650 | _aRESEARCH | ||
| 690 | _aPROPERTY-COMMERCIAL PROPERTY | ||
| 942 | _n0 | ||
| 999 |
_c69938 _d69938 |
||